| 000 | 004200000a22001690004500 | ||
|---|---|---|---|
| 003 | MACL | ||
| 005 | 20160107180132.0 | ||
| 008 | 160107b xxu||||| |||| 00| 0 eng d | ||
| 040 |
_aMACL _cMACL |
||
| 041 | _aEnglish | ||
| 082 | _a824 | ||
| 100 |
_aFroude, J A _929468 |
||
| 245 | _aEssays In Literature & History | ||
| 260 |
_bJ M Dent & Sons LTD _c1906 _aLondon |
||
| 650 |
_aEssays _929469 |
||
| 942 |
_cBK _k824/Jaf _2ddc |
||
| 999 |
_c36459 _d36459 |
||